000
00260nam a2200097Ia 4500
008
240331s9999 xx 000 0 und d
082
_a
016.3054
_b
HUS
100
_a
Hussein, A
245
3
_a
An annotated Bibliography on violence against women in Sri Lanka
942
_c
L
999
_c
637
_d
637